000 00518nam a2200193Ia 4500
999 _c6801
_d6801
003 0100
008 130227s9999 xx 000 0 und d
040 _cARRUPELIB
050 _aBV61 .S373
100 _aSchillebeecky, E O.P.
_927751
245 _aMary Mother of the Redemption
_bthe religious bases of the mystery of Mary.
_cE. Schillebeeckx
260 _aLondon.
_bSheed and Ward.
_c1964
300 _ax
300 _b224p. 18cm.
600 _aMary, Blessed Virgin
_xTheology
_927752
942 _2lcc
_cMONOGRAPH